00589 2200205 4500001002100000005001700021008004100038035002400079082001200103090001800115100002500133245006500158250001100223260003700234300002100271500002800292650002700320990001800347990001800365YOGYA-0512000000078420120529194756.0 ind  0010-051200000000784 a808.831 a808.831 Tur M aTUR, Pramudya Ananta aMenggelindingcPramoedya Ananta; editor, Astuti Ananta Tour. aCet.1. aJakartabLentera Dipantarac2004 a... Jilidc20 cm aYang diterima: jilid 1. aCerita pendek-kumpulan a10355-PD/B.05 a10356-PD/B.05